000 00873nam a2200277 a 4500
001 000111731
003 CHAP
005 20220329144226.0
008 150722s2014 mx a |rm |0|||||spa d
010 _a108192
011 _a109164
040 _cCHAP
090 _aTesis
100 1 _aVega Díaz, Elwer
_9129678
245 1 0 _aCaracterización de los sistemas de produccion acuícola en la zona norte del Estado de Guerrero /
_cpor Elwer Vega Díaz.
260 _aCocula, Gro. :
_bEl autor,
_c2014.
300 _a75 h. :
_bil., cuadrs., gráfs.
502 _aTesis (Ing. Agr. Fitotecnista) -- CSAEGRO. Centro de Estudios Profesionales
590 _aE5995AHE
_b05
_c20150722
_lUCH01
_h1310
650 1 4 _aAcuicultura
_xGuerrero.
_9770
650 1 4 _aEstanques piscícolas.
_938273
650 1 4 _aPiscicultura.
_988531
901 _aBK
942 _cTESIS
942 _n0
999 _c108192
_d108192